UEFA Champions League Top Goal Scorers - Statistics

General Stats
  • This quiz has been taken 33 times
  • The average score is 28 of 59
Answer Stats
Order Goals Club Nation Answer % Correct
1 140 Al Nassr Portugal Cristiano Ronaldo
100%
4 90 Al Ittihad France Karim Benzema
100%
2 129 Inter Miami Argentina Lionel Messi
100%
10 49 Manchester City Norway Erling Haaland
97%
25 34 Retired Germany Gerd Muller
97%
3 105 Barcelona Poland Robert Lewandowski
97%
6 57 Bayern Munich Germany Thomas Muller
97%
8 55 Real Madrid France Kylian Mbappe
90%
14 47 Liverpool Egypt Mohamed Salah
86%
12 48 Retired Sweden Zlatan Ibrahimovic
86%
18 43 Santos Brazil Neymar
83%
9 50 Retired France Thierry Henry
79%
19 42 Atletico Madrid France Antoine Griezmann
76%
40 27 Inter Miami Uruguay Luis Suarez
76%
17 44 Retired Ivory Coast Didier Drogba
72%
32 29 Fenerbahce Bosnia and Herzogovic Edin Dzeko
72%
22 40 Bayern Munich England Harry Kane
72%
5 71 Retired Spain Raul
72%
32 29 Real Madrid Brazil Vinicius Junior
69%
15 46 Retired Portugal Eusebio
66%
7 56 Retired Netherlands Ruud van Nistelrooy
66%
40 27 Al Nassr Senegal Sadio Mane
62%
10 49 Real Madrid Spain/Argentina Alfredo di Stefano
59%
23 36 Retired Hungary Ferenc Puskas
59%
49 24 Los Angeles FC France Olivier Giroud
55%
27 31 Retired Netherlands Arjen Robben
52%
45 25 Retired Netherlands Robin van Persie
52%
32 29 AC Milan Spain Alvaro Morata
45%
49 24 Retired Portugal Luis Figo
45%
40 27 Retired Brazil Rivaldo
45%
45 25 Real Madrid Brazil Rodrygo
45%
21 41 Retired Argentina Sergio Aguero
45%
49 24 Benfica Argentina Angel di Maria
41%
38 28 Retired Wales Ryan Giggs
41%
28 30 Retired England Wayne Rooney
41%
24 35 Retired Uruguay Edinson Cavani
38%
49 24 Arsenal Brazil Gabriel Jesus
38%
45 25 Retired Argentina Hernan Crespo
28%
49 24 LA Galaxy Germany Marco Reus
28%
44 26 Retired Germany Mario Gomez
28%
40 27 Arsenal England Raheem Sterling
28%
49 24 Retired Argentina Gonzalo Higuain
24%
28 30 Retired Brazil Kaka
24%
32 29 Retired France David Trezeguet
21%
32 29 Retired Netherlands Patrick Kluivert
17%
49 24 Retired England Paul Scholes
17%
28 30 Retired Cameroon Samuel Eto
17%
19 42 Retired Italy Alessandro del Pierro
3%
49 24 Retired Brazil Giovane Elber
3%
45 25 Retired Brazil Mario Jardel
3%
32 29 Retired Netherlands Roy Makay
3%
12 48 Retired Ukraine Andrea Shevchenko
0%
26 33 Retired Spain Fernando Morientis
0%
15 46 Retired Italy Filipo Inzaghi
0%
28 30 Retired Spain Francisco Ginto
0%
38 28 Retired France Jan Pierre Papin
0%
49 24 Retired Brazil Jose Altafini
0%
49 24 Retired Portugal Jose Augusto
0%
49 24 Retired Italy Marco Simeone
0%
No matching quizzes found
Score Distribution
Percent of People with Each Score
Percentile by Number Answered
Your Score History
You have not taken this quiz